Country Borders by Change of Official Language - Statistics

General Stats
  • This quiz has been taken 233 times
  • The average score is 36 of 40
Answer Stats
Country % Correct
Brazil
98%
Brazil
98%
Brazil
98%
Brazil
98%
Brazil
98%
Brazil
98%
Brazil
98%
Spain
97%
Spain
97%
Spain
97%
Colombia
96%
France
96%
Argentina
95%
Paraguay
95%
Portugal
95%
Venezuela
95%
Venezuela
95%
Bolivia
94%
Peru
94%
United Kingdom
94%
Uruguay
94%
China
93%
Guyana
93%
South Africa
91%
Tajikistan
89%
Botswana
86%
Bhutan
85%
Kenya
84%
Belize
83%
Kyrgyzstan
83%
Somalia
81%
Guatemala
80%
Dominican Republic
75%
Haiti
75%
Cameroon
74%
Cameroon
74%
Equatorial Guinea
74%
Equatorial Guinea
74%
Equatorial Guinea
74%
Gabon
72%
No matching quizzes found
Score Distribution
Percent of People with Each Score
Percentile by Number Answered
Your Score History
You have not taken this quiz